[Event "RUS-ch Men Rapid 2019"]
[Site "Sochi"]
[Date "2019.10.16"]
[Round "7.7"]
[White "Zakaryan, David"]
[Black "Pridorozhni, Aleksei"]
[Result "1/2-1/2"]
[WhiteElo "2338"]
[BlackElo "2599"]
[Annotator "TA"]
[PlyCount "41"]
[EventDate "2019.10.15"]
[EventType "swiss"]
[EventCountry "RUS"]
[SourceTitle "playchess.com"]
[Source "ChessBase"]
[SourceQuality "1"]

{[%evp 22,23,0,5]} 1. d4 d5 2. c4 e6 3. Nc3 Nf6 4. cxd5 Nxd5 5. e4 Nxc3 6. bxc3 c5 7. Nf3 cxd4 8. cxd4 Bb4+ 9. Bd2 Bxd2+ 10. Qxd2 O-O 11. Bc4 Nc6 12. O-O {Predecessor:} b6 $146 13. Rad1 Na5 14. Bd3 Bb7 15. h4 Rc8 16. h5 h6 17. Rfe1 Qe7 18. d5 Nc4 19. Bxc4 Rxc4 20. Ne5 Rc5 21. d6 {1-0 (40) Tomashevsky,E (2747)-Lysyj,I (2673) Chita 2015} 1/2-1/2

[Event "RUS-ch Men Rapid 2019"]
[Site "Sochi"]
[Date "2019.10.16"]
[Round "7.8"]
[White "Belyakov, Bogdan"]
[Black "Bocharov, Dmitry"]
[Result "1-0"]
[WhiteElo "2495"]
[BlackElo "2519"]
[Annotator "TA"]
[PlyCount "124"]
[EventDate "2019.10.15"]
[EventType "swiss"]
[EventCountry "RUS"]
[SourceTitle "playchess.com"]
[Source "ChessBase"]
[SourceQuality "1"]

{[%evp 14,124,39,30,35,6,13,0,7,-12,-11,-36,0,-6,29,0,0,0,25,21,31,-49,-49,-42,-38,-45,-39,-49,-51,-42,-43,-74,-80,-115,-70,-57,-55,-89,-90,-85,-62,-159,-117,-147,-109,-112,-100,-279,-296,-273,-298,-299,-213,-213,-213,-213,-213,-272,-230,-230,-231,-308,-321,-315,-312,-308,-279,-327,-323,-450,-426,-645,-644,-782,-782,-759,-694,-681,-661,-802,-784,-777,-754,-1089,-1063,-981,-957,-893,-859,-1598,-1467,-1383,-1097,-1356,-1487,-1471,0,-976,0,-1579,-1474,-1459,-1175,-1441,-1419,-1350,-1261,-1358,-1304,-29971,-29973,-2322,-1363]} 1. e4 g6 2. d4 Bg7 3. Nc3 d6 4. f4 a6 5. Be3 b5 6. Nf3 Bb7 7. Bd3 Nd7 8. e5 Nh6 {B06: Modern Defence} (8... e6 9. Ne4 Bxe4 10. Bxe4 d5 11. Bd3 Qe7 12. a4 b4 13. Qe2 a5 14. c4 bxc3 15. bxc3 Nh6 16. O-O {0-1 (52) Popov,I (2592)-Sjugirov,S (2663) St Petersburg 2018}) 9. Be4 Qc8 10. Ng5 O-O {The position is equal.} 11. Qf3 $146 ({Predecessor:} 11. O-O Nb6 12. Qf3 c6 13. Rae1 f6 14. d5 c5 15. Ne6 f5 16. Nxf8 fxe4 17. Nxg6 hxg6 18. Qxe4 {0-1 (27) Holtman,T (2306)-Druska,J (2441) Banska Stiavnica 2017}) 11... Bxe4 12. Ncxe4 c5 13. e6 Nf6 {...cxd4 is the strong threat.} 14. exf7+ Nxf7 {Strongly threatening ...cxd4.} 15. Nxf7 {And now Nfg5 would win.} Rxf7 16. Ng5 Rf8 17. d5 (17. dxc5 $14 dxc5 18. O-O-O) 17... Qg4 $36 {[%mdl 2048] White must now prevent ...Qxf3. Black is pushing.} 18. O-O-O Qxf3 19. Nxf3 Rae8 20. Rhe1 Ng4 21. g3 Rf5 22. Nh4 {[#]} Rh5 $1 23. Rd2 Kf7 24. Nf3 h6 25. Bg1 Nf6 26. Red1 g5 27. Be3 ({White should try} 27. fxg5 $15 hxg5 28. g4 Nxg4 29. Rg2) 27... g4 $17 28. Nh4 Nd7 29. Bg1 Nb6 30. Ng2 $2 (30. c3 $17) 30... Nc4 $1 $19 {[%csl LRb2,LRd2][%mdl 64] [#] Double Attack} 31. c3 Nxd2 32. Rxd2 Bf6 33. Ne3 Rg8 34. Kc2 Rh3 35. Nf5 Kg6 36. Ne3 h5 37. Kd3 h4 38. Rg2 hxg3 39. hxg3 Kf7 40. Ke4 a5 41. c4 b4 42. b3 (42. Nd1 $142 a4 43. Kd3) 42... Bd4 43. Nf5 Bxg1 44. Rxg1 {[%mdl 4096] Endgame KRR-KRN} Rh2 45. Ra1 Kf6 46. a3 Re2+ 47. Ne3 Rh8 48. axb4 axb4 49. Kd3 Rb2 50. Nxg4+ Kf7 51. Ne3 Rhh2 52. Re1 Rxb3+ 53. Ke4 Rbb2 54. Rc1 Rb3 {aiming for ...Re2.} 55. Re1 $1 Rbb2 (55... Rc3 $142 56. Ng4 Rxc4+ 57. Kf3 Rc3+ 58. Ke4 Rh3) 56. Rc1 $1 Rhe2 57. Kf3 b3 {[%cal Bb4b3,Bb3b2][%mdl 32]} 58. Rh1 Rf2+ 59. Ke4 Rbd2 60. Nd1 Rfe2+ 61. Kf3 Rh2 62. Re1 b2 {[%mdl 32768] Accuracy: White = 30%, Black = 68%. . Loss on time!?} 1-0

[Event "RUS-ch Men Rapid 2019"]
[Site "Sochi"]
[Date "2019.10.16"]
[Round "7.9"]
[White "Oganian, Miran"]
[Black "Grachev, Boris"]
[Result "1-0"]
[WhiteElo "2436"]
[BlackElo "2621"]
[Annotator "TA"]
[PlyCount "87"]
[EventDate "2019.10.15"]
[EventType "swiss"]
[EventCountry "RUS"]
[SourceTitle "playchess.com"]
[Source "ChessBase"]
[SourceQuality "1"]

{[%evp 14,147,20,6,15,8,16,8,12,22,12,16,11,0,-4,-23,30,-4,38,53,41,32,34,35,42,40,28,49,32,20,275,275,245,252,268,262,262,267,265,266,265,263,309,314,368,364,416,289,466,371,484,481,471,459,522,525,475,444,429,439,444,444,444,444,444,444,600,591,572,566,685,683,670,673,679,641,641,617,610,609,600,600,596,577,762,738,743,724,754,754,789,750,1370,1359,1152,862,852,798,812,781,5269,3429,2368,2170,29945,29953,29967,29969,29971,29972,29969,29971,29968,29972,29974,29975,29974,29975,29984,29975,29987,29985,29985,29986,29986,29987,29987,29986,29986,29987,29987,29988,29988,29989,29989,29988]} 1. d4 d5 2. c4 e6 3. Nf3 Nf6 4. g3 dxc4 5. Bg2 Bd7 6. Ne5 Bc6 7. Nxc6 Nxc6 8. O-O Qd7 {E04: Open Catalan: 5 Nf3} 9. e3 Rd8 10. Qe2 e5 {The position is equal.} 11. Qxc4 exd4 12. Rd1 Be7 $146 ({Predecessor:} 12... Bd6 13. exd4 O-O 14. Nc3 h6 15. Qb5 Rb8 16. d5 {½-½ (39) Sargissian,G (2689)-Khusnutdinov,R (2470) St Petersburg 2018}) 13. Qb5 O-O 14. Qxb7 Nb4 (14... Qf5 $142 15. Rf1 (15. Bxc6 dxe3 16. Rf1 e2 $19) 15... Ne5) 15. Na3 ({Avoid the trap} 15. exd4 $2 Nc2 $19) 15... d3 (15... Qg4 $5 {[%cal Rg4d1]} 16. Rf1 Rd7 17. Qxa7 d3 $14) 16. Bd2 Nc2 17. Rac1 Bxa3 18. bxa3 c5 19. Ba5 $1 {[%cal Ra5d8]} Qxb7 20. Bxb7 Rd6 $1 21. e4 {Hoping for e5.} Re8 $2 {[%mdl 8192] [#]} (21... c4 $1 $11 {and Black stays safe.}) 22. e5 $1 $18 {[%cal Re5d6][%mdl 512]} Rxe5 23. Bc7 {[%mdl 64] Skewer} Red5 24. Bxd6 ({Weaker is} 24. Bxd5 Rxd5 25. Rxd3 Rxd3 $11) 24... Rxd6 {[#]} 25. Ba6 $1 {[%mdl 512]} Rxa6 26. Rxd3 g6 27. Rxc2 {[%mdl 4096] Endgame KRR-KRN} Ra5 28. Rc4 Kg7 29. a4 h5 30. f3 g5 $2 (30... Ra6 31. Rxc5 Rxa4) 31. Kf2 g4 32. Rd6 gxf3 {Strongly threatening ...Ng4+.} 33. h3 Ne8 34. Rc6 Nf6 35. Kxf3 Nd7 {aiming for ...Ne5+.} 36. Kf4 Nb6 37. R4xc5 Rxa4+ 38. Kg5 Nd7 39. Rf5 Nf8 40. Kxh5 Ne6 41. Rd6 Kg8 {intending ...Ng7+.} 42. Kh6 Ra3 43. Rc6 {Intending Rc8+ and mate.} Nd8 {[#]} 44. Re5 {Played: Rc6-c8} 1-0

[Event "RUS-ch Men Rapid 2019"]
[Site "Sochi"]
[Date "2019.10.16"]
[Round "7.10"]
[White "Pogromsky, Mikhail"]
[Black "Moiseenko, Vadim"]
[Result "1/2-1/2"]
[WhiteElo "2411"]
[BlackElo "2532"]
[Annotator "ChessBase"]
[PlyCount "68"]
[EventDate "2019.10.15"]
[EventType "swiss"]
[EventCountry "RUS"]
[SourceTitle "playchess.com"]
[Source "ChessBase"]
[SourceQuality "1"]
[TimeControl "900+10"]

1. Nf3 {[%emt 0:00:00]} Nf6 {[%emt 0:00:00]} 2. c4 {[%emt 0:00:00]} b6 {[%emt 0:00:00]} 3. g3 {[%emt 0:00:04]} Bb7 {[%emt 0:00:00]} 4. Bg2 {[%emt 0:00:01]} g6 {[%emt 0:00:00]} 5. b3 {[%emt 0:00:15]} Bg7 {[%emt 0:00:00]} 6. Bb2 {[%emt 0:00:01]} O-O {[%emt 0:00:00]} 7. O-O {[%emt 0:00:10]} e6 {[%emt 0:00:01]} 8. d4 {[%emt 0:00:30]} d6 {[%emt 0:00:20]} 9. Nc3 {[%emt 0:00:13]} Ne4 {[%emt 0:00:06]} 10. Rc1 {[%emt 0:00:56]} Nd7 {[%emt 0:00:04]} 11. Nxe4 {[%emt 0:01:06]} Bxe4 {[%emt 0:00:02]} 12. Qd2 {[%emt 0:00:13]} a5 {[%emt 0:00:07]} 13. Ne1 {[%emt 0:00:21]} Bxg2 {[%emt 0:00:02]} 14. Kxg2 {[%emt 0:00:58]} Qe7 {[%emt 0:00:07]} 15. Nd3 {[%emt 0:01:00]} c6 {[%emt 0:02:29]} 16. e4 {[%emt 0:00:52]} a4 {[%emt 0:00:46]} 17. Rfe1 {[%emt 0:00:59]} e5 {[%emt 0:00:48]} 18. dxe5 {[%emt 0:00:19]} dxe5 {[%emt 0:00:09]} 19. c5 {[%emt 0:00:52]} bxc5 {[%emt 0:00:20]} 20. Qc3 {[%emt 0:00:27]} Rfb8 {[%emt 0:00:08]} 21. Nxc5 {[%emt 0:00:31]} axb3 {[%emt 0:02:05]} 22. axb3 {[%emt 0:00:12]} Nxc5 {[%emt 0:01:37]} 23. Qxc5 {[%emt 0:00:01]} Qxc5 {[%emt 0:00:13]} 24. Rxc5 {[%emt 0:00:02]} Rxb3 {[%emt 0:00:03]} 25. Bxe5 {[%emt 0:00:05]} Bxe5 {[%emt 0:00:02]} 26. Rxe5 {[%emt 0:00:01]} Rc3 {[%emt 0:00:01]} 27. Re2 {[%emt 0:00:34]} Kf8 {[%emt 0:00:09]} 28. Rd2 {[%emt 0:01:58]} Ra7 {[%emt 0:00:49]} 29. g4 {[%emt 0:00:59]} Kg7 {[%emt 0:02:39]} 30. h4 {[%emt 0:00:33]} h6 {[%emt 0:01:06]} 31. g5 {[%emt 0:00:28]} hxg5 {[%emt 0:00:05]} 32. hxg5 {[%emt 0:00:01]} Rca3 {[%emt 0:00:36]} 33. Rd6 {[%emt 0:00:39]} R3a5 {[%emt 0:00:16]} 34. Rxa5 {[%emt 0:00:02]} Rxa5 1/2-1/2

[Event "RUS-ch Men Rapid 2019"]
[Site "Sochi"]
[Date "2019.10.16"]
[Round "7.11"]
[White "Potapov, Pavel"]
[Black "Sakaev, Konstantin"]
[Result "1/2-1/2"]
[WhiteElo "2489"]
[BlackElo "2595"]
[Annotator "ChessBase"]
[PlyCount "44"]
[EventDate "2019.10.15"]
[EventType "swiss"]
[EventCountry "RUS"]
[SourceTitle "playchess.com"]
[Source "ChessBase"]
[SourceQuality "1"]
[TimeControl "900+10"]

1. e4 {[%emt 0:00:00]} c5 {[%emt 0:00:00]} 2. c3 {[%emt 0:00:00]} d5 {[%emt 0:00:11]} 3. exd5 {[%emt 0:00:00]} Qxd5 {[%emt 0:00:02]} 4. d4 {[%emt 0:00:00]} Nf6 {[%emt 0:00:02]} 5. Nf3 {[%emt 0:00:01]} e6 {[%emt 0:00:07]} 6. Be3 {[%emt 0:00:07]} cxd4 {[%emt 0:00:08]} 7. cxd4 {[%emt 0:00:02]} Bb4+ {[%emt 0:00:56]} 8. Nc3 {[%emt 0:00:06]} O-O {[%emt 0:00:03]} 9. Bd3 {[%emt 0:00:15]} b6 {[%emt 0:00:07]} 10. O-O {[%emt 0:00:23]} Bxc3 {[%emt 0:00:02]} 11. bxc3 {[%emt 0:00:03]} Bb7 {[%emt 0:00:17]} 12. c4 {[%emt 0:01:46]} Qd6 {[%emt 0:00:30]} 13. Qe2 {[%emt 0:00:57]} Nc6 {[%emt 0:02:35]} 14. Rfd1 {[%emt 0:00:39]} h6 {[%emt 0:00:06]} 15. Rac1 {[%emt 0:00:23]} Rfd8 {[%emt 0:00:09]} 16. Bb1 {[%emt 0:02:05]} Rac8 {[%emt 0:00:31]} 17. h3 {[%emt 0:01:13]} Ba6 {[%emt 0:02:05]} 18. Qe1 {[%emt 0:01:53]} Qb4 {[%emt 0:02:28]} 19. Qxb4 {[%emt 0:00:28]} Nxb4 {[%emt 0:00:01]} 20. Ne5 {[%emt 0:00:03]} Nc6 {[%emt 0:00:03]} 21. Nxc6 {[%emt 0:01:04]} Rxc6 {[%emt 0:00:01]} 22. c5 {[%emt 0:00:09]} Nd5 {[%emt 0:01:10]} 1/2-1/2

[Event "RUS-ch Men Rapid 2019"]
[Site "Sochi"]
[Date "2019.10.16"]
[Round "7.12"]
[White "Musalov, Ruslan"]
[Black "Yudin, Sergei"]
[Result "1-0"]
[WhiteElo "2348"]
[BlackElo "2497"]
[Annotator "TA"]
[PlyCount "73"]
[EventDate "2019.10.15"]
[EventType "swiss"]
[EventCountry "RUS"]
[SourceTitle "playchess.com"]
[Source "ChessBase"]
[SourceQuality "1"]

{[%evp 12,73,28,18,22,-1,23,21,24,20,30,19,32,33,43,-10,0,0,0,-24,-23,-24,-15,-23,-23,-25,-20,-21,-21,-23,-23,-23,-23,-21,-10,-9,-8,-16,-8,-10,0,-15,0,0,0,0,0,0,9,0,0,-3,0,-3,-3,-33,0,-5,0,0,234,224,1928,1737]} 1. d4 d5 2. Nf3 e6 3. e3 Bd6 4. Bd3 f5 5. c4 c6 6. Ne5 Nf6 7. Nc3 O-O {A85: Dutch Defence: 2 c4 Nf6 3 Nc3} 8. f4 b6 (8... Ne4 9. O-O b6 10. g4 Bxe5 11. fxe5 Ba6 12. cxd5 cxd5 13. gxf5 Qg5+ 14. Kh1 Rxf5 15. Nxe4 dxe4 {0-1 (31) Sorin,A (2442)-Bachmann,A (2621) Buenos Aires 2014}) 9. O-O Bb7 {The position is equal.} 10. cxd5 cxd5 11. Bd2 Nc6 12. Rc1 $146 ({Predecessor:} 12. Nb5 Ne4 13. Nxc6 Bxc6 14. Nxd6 Qxd6 15. a3 {½-½ (55) Ocepek,M (2113)-Urbanc,P (2269) Slovenia 2017}) 12... Rc8 13. Nxc6 (13. a3 $14) 13... Bxc6 14. Ba6 Rc7 15. Nb5 Bxb5 $1 16. Bxb5 Ne4 17. Bd3 Rxc1 18. Qxc1 Qd7 19. Qd1 Rc8 20. Ba6 Rc7 21. Be1 Qc6 {[#] Hoping for ...b5.} 22. Bd3 b5 23. Ba5 Rc8 24. a3 a6 25. Qe2 Bf8 26. Rd1 Nd6 (26... Qd7 {is interesting.} 27. Ra1 Bd6 28. Qd1 Rc6 29. a4 b4) 27. Bb4 Nc4 28. Bxf8 Kxf8 29. Rc1 Qb7 30. Rc2 Rc7 31. Rc3 a5 32. Kf2 g6 33. b3 Nxa3 (33... b4 $5 {[%cal Rb4c3]} 34. Rc1 Nxa3 $15) 34. Rc5 b4 35. Qb2 Rxc5 $2 (35... Kf7 $11 {and Black stays safe.}) 36. dxc5 $18 {[#] Qh8+ is the strong threat.} Qg7 $2 (36... Kg8 37. Qe5 Qd7 38. Qb8+ Kf7) 37. Qxg7+ {Accuracy: White = 63%, Black = 46%.} 1-0

[Event "RUS-ch Men Rapid 2019"]
[Site "Sochi"]
[Date "2019.10.16"]
[Round "7.13"]
[White "Khismatullin, Denis"]
[Black "Belozerov, Andrei"]
[Result "1-0"]
[WhiteElo "2611"]
[BlackElo "2515"]
[Annotator "TA"]
[PlyCount "75"]
[EventDate "2019.10.15"]
[EventType "swiss"]
[EventCountry "RUS"]
[SourceTitle "playchess.com"]
[Source "ChessBase"]
[SourceQuality "1"]

{[%evp 9,79,0,39,28,49,47,49,57,45,45,60,49,87,87,85,79,87,78,68,47,87,77,74,54,63,46,56,63,47,16,22,-10,6,0,141,60,140,127,145,151,264,297,266,272,292,276,244,240,327,316,366,349,402,393,466,480,980,972,1823,1823,3100,2611,29956,5252,29973,29974,29989,5243,29990,29991,29998,29999]} 1. c4 c6 2. Nf3 d5 3. e3 Nf6 4. Nc3 e6 5. b3 a6 (5... Bd6 6. Bb2 O-O 7. d4 Nbd7 8. Be2 b6 9. O-O Bb7 10. Qc2 Qe7 11. Rad1 Rfe8 12. Rfe1 Rad8 13. g3 Bb4 14. a3 Bd6 15. b4 dxc4 16. e4 e5 17. Bxc4 exd4 18. Nxd4 Ne5 19. Nf5 Nf3+ 20. Kh1 Qf8 {½-½ (54) Maghsoodloo,P (2671)-Saric,I (2694) Malmo 2019}) 6. Bb2 {A11: English Opening: 1...c6} c5 7. cxd5 exd5 8. d4 {White is slightly better.} cxd4 $146 ({Predecessor:} 8... Nc6 9. Be2 Be6 10. O-O Ne4 11. dxc5 Bxc5 12. Rc1 Nxc3 13. Bxc3 {1-0 (37) Kurajica,B (2517)-Cruz Lledo,P (2413) Las Palmas 2016}) 9. Nxd4 Bb4 10. Bd3 Nc6 11. Nxc6 bxc6 12. O-O O-O 13. Qc2 Re8 14. h3 Be6 15. Na4 Bd7 16. Nc5 Bxc5 $1 17. Qxc5 Ne4 18. Qd4 {[%csl Gb2][%cal Rd4g7] [#]} Qg5 19. f4 (19. h4 $5 {[%cal Rh4g5]} Qh6 20. Rac1 $14) 19... Qh6 20. Rae1 a5 21. f5 Rab8 (21... c5 $11 22. Qxd5 Bc6) 22. Rf4 ({White should play} 22. Bxe4 $1 $16 Rxe4 23. Qa7) 22... Nf6 (22... Qf6 $14) 23. Bc3 $16 Rbc8 24. Qc5 ({But not} 24. Bxa5 $6 c5 $11) 24... Ne4 (24... Nh5 $16) 25. Bxe4 $1 $18 Rxe4 26. Rxe4 ({Stronger than} 26. Qxa5 Rxf4 27. exf4 Bxf5 $11) 26... dxe4 27. Rd1 ({Not} 27. Bxa5 Qh5 $16) 27... Be8 28. Bxa5 {[#] aiming for Bb4.} Qg5 29. Bc3 h5 30. a4 f6 31. a5 Bf7 32. a6 Bxb3 (32... Qg3 $142 33. a7 Qc7) 33. Rd7 Be6 34. Rb7 Rd8 35. Bd4 Bc8 36. Rb8 Kh7 37. a7 Rd5 38. Qxc6 {Played: Qc5-c2} 1-0

[Event "RUS-ch Men Rapid 2019"]
[Site "Sochi"]
[Date "2019.10.16"]
[Round "7.14"]
[White "Gutenev, Alexander"]
[Black "Glek, Igor"]
[Result "1/2-1/2"]
[WhiteElo "2469"]
[BlackElo "2467"]
[Annotator "TA"]
[PlyCount "75"]
[EventDate "2019.10.15"]
[EventType "swiss"]
[EventCountry "RUS"]
[SourceTitle "playchess.com"]
[Source "ChessBase"]
[SourceQuality "1"]

{[%evp 19,75,12,21,0,16,4,0,0,-4,-20,-9,-13,-11,-22,-13,-28,-14,-49,0,-30,-43,-52,-39,-51,-49,-44,-47,-29,-29,-37,0,-14,-16,-14,-21,-24,0,0,0,0,0,0,0,0,0,0,0,0,0,0,0,0,0,0,0,0,0,0]} 1. e4 c5 2. Nc3 Nc6 3. Bb5 Nd4 4. Nf3 e6 5. O-O Ne7 6. Nxd4 cxd4 7. Ne2 a6 8. Bd3 Nc6 9. c3 Bc5 10. b4 Ba7 11. Qb3 {B30: Sicilian: 2...Nc6 3 Bb5, lines without ...g6} (11. Bb2 dxc3 12. dxc3 O-O 13. Qd2 d5 14. exd5 exd5 15. Rad1 Bg4 16. h3 {½-½ (16) Perunovic,M (2607)-Bogosavljevic,B (2532) Montenegro 2017}) 11... O-O $146 ({Predecessor:} 11... d6 12. Bb2 dxc3 13. Bxc3 O-O 14. Qb2 e5 15. a4 Bg4 16. b5 Bxe2 17. Bxe2 Nd4 18. Bc4 Kh8 {0-1 (81) Binham,T (2375)-Schmidt,W (2505) Helsinki 1981}) 12. Bb2 {[%cal Re2d4]} dxc3 13. dxc3 d6 14. c4 e5 15. Kh1 Be6 16. f4 f6 17. a3 Rc8 18. Qd1 Nb8 19. Qd2 (19. f5 $5 {[%cal Rf5e6]} Bf7 20. Nc3 $11) 19... Nd7 20. Rac1 Nb6 {[%cal Rb6c4]} 21. fxe5 fxe5 {[%cal Rb6c4]} 22. Rxf8+ Qxf8 23. c5 dxc5 {[#] ...Rd8 is the strong threat.} 24. Bxe5 cxb4 25. axb4 Nc4 26. Bxc4 $1 Rxc4 27. Nf4 Bf7 28. Rxc4 {The position is equal.} Bxc4 29. Qd7 Bb8 30. Bxb8 Qxb8 31. g3 h6 32. e5 b5 33. e6 {[#] Threatens to win with e7.} Qa8+ 34. Kg1 {And now e7 would win.} Qf3 {[%csl Gc4][%cal Rf3f1]} 35. Qf7+ Kh7 {[%csl Gc4][%cal Rf3f1]} 36. Qf5+ Kg8 {[%csl Gc4][%cal Rf3f1]} 37. Qf7+ Kh7 {[%csl Gc4][%cal Rf3f1]} 38. Qf5+ {Accuracy: White = 63%, Black = 65%.} 1/2-1/2

[Event "RUS-ch Men Rapid 2019"]
[Site "Sochi"]
[Date "2019.10.16"]
[Round "7.15"]
[White "Tekeyev, Zaur"]
[Black "Drygalov, Andrey"]
[Result "1/2-1/2"]
[WhiteElo "2384"]
[BlackElo "2484"]
[Annotator "TA"]
[PlyCount "216"]
[EventDate "2019.10.15"]
[EventType "swiss"]
[EventCountry "RUS"]
[SourceTitle "playchess.com"]
[Source "ChessBase"]
[SourceQuality "1"]

{[%evp 9,216,19,26,20,21,12,12,26,24,19,43,45,56,8,35,6,11,24,21,30,65,51,51,47,52,51,63,0,0,0,25,22,45,26,45,42,38,48,37,0,0,0,10,5,5,12,4,5,36,38,29,15,36,27,24,28,27,0,23,5,16,0,0,0,0,0,195,95,857,117,122,108,145,141,126,126,201,192,339,315,490,473,543,536,647,766,715,702,1111,878,719,120,130,121,516,528,514,508,485,396,434,409,317,198,198,83,104,0,0,-36,-36,-68,87,-68,-68,-68,-68,-68,-68,-68,-68,-69,-68,-69,-68,-68,-68,-69,-69,-93,-93,-93,-93,-93,-93,-93,-93,-93,-93,-93,-93,-93,-93,-93,-28,-28,-28,-28,-28,-28,-28,-28,-28,-28,-28,-28,-28,-28,-28,-28,-28,-28,-28,-28,-28,-28,-28,-28,-28,-28,-28,-28,-28,-28,-28,-28,-28,-28,-28,-28,-28,-28,-28,-28,0,0,0,-1,-1,-28,-28,-28,-28,-28,-28,-28,-28,-28,0,-28,0,-28,-28,-28,0,0,0,-28,0]} 1. e4 c5 2. Nf3 d6 3. Bb5+ Nd7 4. O-O a6 5. Bd3 Ngf6 6. Re1 {B51: Sicilian: Moscow Variation (3 Bb5+) without 3...Bd7} e6 7. a4 Be7 (7... b6 8. c3 Bb7 9. Qe2 Qc7 10. Na3 Be7 11. Bb1 e5 12. d4 cxd4 13. cxd4 exd4 14. Nxd4 {½-½ (42) Jakovenko,D (2719)-Ding,L (2809) Shenzhen 2019}) 8. c3 {The position is equal.} O-O 9. Bc2 b6 10. d4 Bb7 11. Nbd2 Qc7 12. e5 $146 (12. d5 $5) ({Predecessor:} 12. Nf1 Rac8 {0-1 (35) Kosakowski,J (2318)-Tomczak,J (2598) Darlowko 2018}) 12... dxe5 13. dxe5 Nd5 14. Qe2 b5 15. Qe4 {[%csl Gc2][%cal Re4h7]} g6 {And now ...Nb4 would win.} 16. Qg4 $1 c4 17. h4 Nc5 18. axb5 ({White should try} 18. Ne4 $14) 18... axb5 $11 19. Rxa8 Bxa8 20. Nd4 Qd7 21. Qg3 {[#]} Nd3 $1 {[%mdl 512]} 22. Bxd3 cxd3 23. Ne4 $1 b4 24. Bd2 bxc3 25. bxc3 Rc8 {next ...Nxc3 is good for Black.} 26. Qxd3 Nb6 $1 27. h5 Nc4 28. Bf4 {Threatening hxg6.} Bxe4 (28... Nb2 $5 {[%cal Rb2d3]} 29. Qh3 Bxe4 30. Rxe4 Qd5 $11) 29. Qxe4 Nb6 30. Qf3 Nd5 31. Bd2 Bf8 32. Rc1 $36 {[%mdl 2048] Black is under pressure.} Nb6 33. Bg5 Nd5 34. Ne2 Qa4 35. Ng3 Bg7 36. Bf6 Bh6 37. Rb1 Nf4 $2 (37... Rxc3 $11 38. hxg6 hxg6) 38. Qb7 (38. Rb4 $18 Qa3 39. hxg6 hxg6 40. Ne4) 38... Qe8 $2 {[%mdl 8192]} (38... Qa8 $16) 39. Rd1 $2 (39. Ne4 $18 {is the precise move to win.}) 39... Nd5 $16 40. Ne4 Rb8 41. Qa7 Ra8 42. Qd4 $1 Nf4 {[#]} (42... Qc6 $16 {is a better defense.}) 43. Qe3 $1 $18 Qf8 (43... Qa4 $142 44. Rd4 Qa6) 44. hxg6 hxg6 (44... Nxg6 $142 45. Qe2 Bg7) 45. Qf3 Rc8 {[#]} 46. c4 $1 {[%mdl 512]} Qb4 (46... Rxc4 47. Rd8) 47. g3 Nh5 48. Nd6 Rc7 49. Qa8+ Bf8 50. Ra1 $2 (50. Bg5 $18) 50... Nxf6 $16 51. Qd8 {[%mdl 64] Double Attack} Rd7 $2 {[%mdl 8192]} (51... Rb7 $16 {is more resistant.}) 52. Qxf6 $18 Qb8 53. c5 Rc7 54. Rc1 Bh6 55. Rc4 Bg7 56. Qf4 Qb2 57. Re4 (57. Qg5 $18 {Black must now prevent Qd8+.} Ra7 58. Kg2 Qxe5 59. Qd8+ Bf8 60. Ne8) 57... Qc2 58. Ne8 (58. Qg5 $16 Ra7 59. Qd8+ Bf8 60. Rh4 Qd1+ 61. Kh2) 58... Rxc5 $11 {Threatens to win with ...Qd1+.} 59. Kg2 {[#]} Rxe5 $1 {[%mdl 512]} 60. Rc4 (60. Rxe5 Bxe5) 60... Qf5 $2 {[#]} (60... Qd3 $1 $15 {stays ahead.} 61. Rd4 Qb5) 61. Qxf5 $2 ({Better is} 61. Rc8 $1 $16 {[%cal Re8f6]} Bf8 62. Qd4) 61... Rxf5 $15 62. Nxg7 Kxg7 $16 {[%mdl 4096] Endgame KR-KR} 63. Rc7 Rd5 64. Rb7 g5 65. Rb4 Kg6 66. Kf3 Rd3+ 67. Ke2 Ra3 68. Rc4 f5 69. Rc6 Kf6 70. Rc5 g4 71. Kf1 e5 72. Rc8 Ke6 73. Rf8 Rf3 74. Rg8 e4 {...Kf7 is the strong threat.} 75. Kg2 Kf7 76. Rb8 e3 (76... Kf6 $17 77. Rb6+ Kf7 78. Rb7+ Kg6) 77. fxe3 $11 Rxe3 78. Kf2 Rf3+ 79. Kg2 Rd3 80. Rb2 Ke6 81. Kf2 Ke5 82. Rb5+ Ke4 83. Rb4+ Rd4 84. Rb2 Rc4 85. Rd2 Rc3 86. Re2+ Kd4 87. Rd2+ Rd3 88. Ra2 Rf3+ 89. Kg2 Rc3 90. Ra4+ $1 Ke3 91. Rf4 Rc5 92. Kg1 Re5 93. Kg2 Kd2 94. Rd4+ Ke1 95. Rf4 Rd5 96. Kg1 Rd3 97. Kg2 Rd2+ 98. Kg1 Rd5 99. Kg2 Ke2 100. Rf2+ Ke3 {( -> ...Rd2)} 101. Rf4 Re5 102. Kg1 Ke2 103. Kg2 Kd2 104. Rd4+ Ke2 105. Rf4 Ke1 106. Kg1 Re3 107. Kg2 Re5 108. Kg1 Ke2 {Accuracy: White = 63%, Black = 50%.} 1/2-1/2